000 00287nam a22001337a 4500
008 170126b xxu||||| |||| 00| 0 eng d
020 _a2900073402016
041 _aeng
080 _26TH
_a61
100 _a3
101 _aMED
245 _aPATIENT TO PAYMENT
_cNEWBY, C
942 _2udc
_cBK
999 _c3791
_d3791